000 00502nam a2200181 i 4500
001 60350
003 ES-MaACL
007 t|
008 031104s1982 sp ||||1| spa d
100 1 _aEspiago, Javier.
_947820
245 1 0 _aMigraciones exteriores /
_cJavier Espiago.
260 _a[Barcelona] :
_bSalvat,
_c[1982]
300 _a64 p. :
_bil. ;
_c19 cm.
490 1 _aTemas clave ;
_v86
830 0 _aTemas clave ;
_v86
_9184395
852 _aES-MaACL
_jL-3748
_bR.104682
999 _c60350
_d60350